| 000 | 00429cam a2200181ua 4500 | ||
|---|---|---|---|
| 020 | _c2.00 | ||
| 041 |
_ahin _h |
||
| 082 |
_a891.43 _bUDA/YU |
||
| 100 | _aUdayashankar, Bhatt . | ||
| 245 |
_aYuga Deep / _cUdayashankar Bhatt. _hTextual Documents |
||
| 250 |
_a1 / _b. |
||
| 260 |
_aMeerut : _bGoutam book depot , _c1962. |
||
| 300 | _a71 ; . | ||
| 365 | _a2.00 | ||
| 504 | _a | ||
| 942 | _cBK | ||
| 999 |
_c12687 _d12687 |
||